000 00288nam a2200109Ia 4500
008 220204s9999 xx 000 0 und d
082 _a301.172:65
_bBIT
100 _aBittel, L R
245 0 _aLeadership: Key to executive success
260 _aNew york
_bModern business
_c1982
942 _cBK
999 _c36913
_d36913